| 000 | 01188cam a2200265 4500 | ||
|---|---|---|---|
| 008 | 040212n1999 000 0 eng u | ||
| 020 | _a8190003798 | ||
| 035 | _a(Sirsi) u125130 | ||
| 041 | _aeng | ||
| 050 |
_a333.3321 _c18 |
||
| 100 | _aBudhbhatti, Kirit P. | ||
| 245 |
_aValuation of plant and machinery _btheory and practice |
||
| 260 |
_aKaramsad _bthe author _c1999 |
||
| 300 |
_axx, 568p. _c26cm |
||
| 520 | _aA reference book for plant and machinery valuations, aimed at students and in the context of India. Covers role and function of a valuer; definitions and glossary of terms; valuation fundamentals; depreciation and obsolescence; valuation methods and procedures; environmental issues; fire insurance; and technical specifications for machinery used in different industries. Draws on information from RICS, American Society of Appraisers and other organisations around the world. | ||
| 650 | _aPLANT AND MACHINERY | ||
| 650 | _aVALUATION METHODS | ||
| 650 | _aINDIA | ||
| 650 | _aENVIRONMENTAL ISSUES | ||
| 650 | _aDEPRECIATION | ||
| 650 | _aOBSOLESCENCE | ||
| 650 | _aFIRE INSURANCE | ||
| 690 | _aPROPERTY-PROPERTY APPRAISAL AND VALUATION | ||
| 942 | _n0 | ||
| 999 |
_c103350 _d103350 |
||